000 00388nam a2200157Ia 4500
008 160316s1995 xxu||||| |||| 00| 0 eng d
082 _a344.042330
_bNAB
100 _aNabhi
245 _aNew drug policy 1994 and drug prices control order 1995
250 _a
260 _aNew Delhi
_bNabhi Publications
_c1995
300 _a72p
_b
_c
365 _bRs.50/-
650 _a
700 _a
_a
999 _c8238
_d8238